| 000 | 00912cam a22002655a 4500 | ||
|---|---|---|---|
| 001 | 17426155 | ||
| 005 | 20160217141539.0 | ||
| 008 | 120810t2013 njua frbe 001 0 eng d | ||
| 020 | _a9781118006733 (3 v. set : cloth) | ||
| 020 | _a9781118010327 (v. 1) | ||
| 020 | _a9781118010334 (v. 2) | ||
| 020 | _a9781118010341 (v. 3) | ||
| 040 |
_aDLC _beng _cDLC _dEG-ScBUE _dEG-ScBUE |
||
| 082 | 0 | 4 |
_a332.603 _bENC _222 |
| 245 | 0 | 0 |
_aEncyclopedia of financial models / _cedited by Frank J. Fabozzi. |
| 260 |
_aHoboken : _bJohn Wiley & Sons, Inc., _cc.2013. |
||
| 300 |
_a3 v. : _bill. ; _c26 cm. |
||
| 504 | _aIncludes bibliographical references and indexes. | ||
| 650 | 0 |
_aInvestments _xManagement _vEncyclopedias. _2BUEsh |
|
| 650 | 0 |
_aPortfolio management _vEncyclopedias. _2BUEsh |
|
| 651 | _2BUEsh | ||
| 653 |
_bBUSECO _cAugust2015 _cFebruary2016 |
||
| 700 | 1 |
_aFabozzi, Frank J., _eeditor _938295 |
|
| 942 | _2ddc | ||
| 999 |
_c20780 _d20752 |
||